000 00644nam a2200193 a 4500
005 20210223121901.0
008 991125s1976 mx 000 0 spa u
035 _aUPN01000025393
049 _aC
050 4 _aZ5074 F25
_bL4.3
100 1 _aLeal, Juan Felipe
_928968
245 1 0 _aFuentes para el estudio de la hacienda en México :
_b1856-1940 /
_cJuan Felipe Leal, Mario Huacuja R.
260 _aMéxico :
_bUNAM, Facultad de Ciencias Políticas y Sociales,
_c1976.
300 _a101 p.
440 0 _aBibliografías ;
_v1
650 4 _aAGRICULTURA -
_zMEXICO -
_vBIBLIOGRAFIA
_92039
700 1 _aHuacuja R., Mario,
_ecoaut.
905 _aLibro
999 _c25393
_d25393